| 000 | 00887cam a22002291 4500 | ||
|---|---|---|---|
| 001 | sa 68005109 | ||
| 003 | DLC | ||
| 005 | 20260227112506.0 | ||
| 008 | 711115s1967 ii abe 000 0 eng | ||
| 010 | _asa 68005109 | ||
| 025 | _aPL480:I-E-9504 | ||
| 040 |
_aDLC _cDLC _dDLC |
||
| 043 | _aa-ii--- | ||
| 050 | 0 | 0 |
_aHE365.I44 _bC38 |
| 082 | 0 | 0 | _a711/.7/095414 |
| 110 | 1 |
_aWest Bengal. _bCalcutta Metropolitan Planning Organisation. |
|
| 245 | 1 | 0 | _aTraffic and transportation plan for the Calcutta metropolitan district, 1966-1986. |
| 260 |
_a[Calcutta] _bCalcutta Metropolitan Planning Organisation, Development and Planning (T & CP) Dept., Govt. of West Bengal _c[1967] |
||
| 300 |
_aix, 178 p. _billus., maps (part fold. col.), plans. _c25 x 33 cm. |
||
| 650 | 0 |
_aTransportation _zIndia _zKolkata Metropolitan Area. |
|
| 650 | 0 |
_aTraffic engineering _zIndia _zKolkata Metropolitan Area. |
|
| 999 |
_c80524 _d80524 |
||